Feuillages - Statistiques

Statistiques générales
  • Ce quiz a été pris 39 fois
    35 depuis la dernière actualisation
  • Le résultat moyen est 33 sur 66
Statistiques - réponses
Par images Réponse % Correct
Eucalyptus
87%
Blé
80%
Monstera
80%
Monstera deliciosa
80%
Sapin
80%
Asparagus
73%
Salal
73%
Xanadu
73%
Asparagus densiflorus
67%
Eucalyptus
67%
Galax
67%
Prêle
67%
Aspidistra
60%
Chamaerops
60%
Fougère USA
60%
Lentisque
60%
Lucky bambou
60%
Myrte
60%
Pittosporum
60%
Anthurium andreanum
53%
Asparagus
53%
Aspidistra eliator
53%
Bear-grass
53%
Chico
53%
Cocos nucifera
53%
Cocotier
53%
Dracaena
53%
Eucalyptus cinerea
53%
Eucalyptus populus
53%
Faux-Aralia
53%
Feuilles d’Anthurium
53%
Hedera Helix
53%
Lierre
53%
Millet
53%
Pennisetum
53%
Philodendron xanadu
53%
Thuya
53%
Tree-fern
53%
Equisetum hyemale
47%
Galax urceolata
47%
Typha
47%
Chêne des marais
40%
Cordyline
40%
Cycas
40%
Fatsia Japonica
40%
Laurier
40%
Pandanus
40%
Pittosporum
40%
Ruscus
40%
Steel-grass
40%
Chêne d’Amérique
33%
Gaultheria shallon
33%
Grevillea
33%
Laurier plat
33%
Lin de Nouvelle Zélande
33%
Mahonia
33%
Myrtille
33%
Asparagus setaceus
27%
Chamaecyparis
27%
Chamaecyparis lawsoniana
27%
Chamaedorea elegans
27%
Laurier d'Alexandrie
27%
Panicum
27%
Rumorha adiantiformis
27%
Thuja occidentalis
27%
Vaccinium myrtillus
27%
Aucun quiz correspondant
Distribution des résultats
% des personnes avec chaque résultat
Percentile par nombre de réponses
Votre historique - résultats
Vous n’avez pas pris ce quiz depuis la dernière actualisation